000 00802nam a2200229 4500
003 OSt
005 20260601193529.0
008 260417b19461974|||a|||| |||| 00| 0 sp d
020 _a8425206634
040 _aICI
_bspa
_cICI
050 _aBH301.A94
_bM34
100 1 _aTomás Maldonado
_d1922
_936166
245 1 _aVanguardia y racionalidad
_bArtículos ensayos y otros escritos 1946-1974
_cTomas Maldonado ; prólogo de Tomás llorens ; revision castellana de francesco Serra i cantarell
264 _bGG Colección Comunicación Visual
_c1977
_aBarcelona ; México
300 _a271 páginas
336 _atexto
_2rdacontent
337 _asin medio
_2rdamedia
338 _avolumen
_2rdacarrier
490 _aColección comunicación visual
650 _2 Vanguardismo (Estética)
942 _2ddc
_cB
999 _c21288
_d21288